Text book of botany / (Record no. 9820)
[ view plain ]
| 000 -LEADER | |
|---|---|
| fixed length control field | 00500cam a2200205ua 4500 |
| 041 ## - LANGUAGE CODE | |
| Language code of text/sound track or separate title | eng |
| 082 ## - DEWEY DECIMAL CLASSIFICATION NUMBER | |
| Classification number | 581 |
| Item number | LOW/TE |
| 100 ## - MAIN ENTRY--AUTHOR NAME | |
| Personal name | Lowson, J M . |
| 245 ## - TITLE STATEMENT | |
| Title | Text book of botany / |
| 250 ## - EDITION STATEMENT | |
| Edition statement | 11 / |
| 260 ## - PUBLICATION, DISTRIBUTION, ETC. (IMPRINT) | |
| Place of publication | New York : |
| Name of publisher | Universities Tutorials Press Ltd. , |
| Year of publication | 1963. |
| 300 ## - PHYSICAL DESCRIPTION | |
| Number of Pages | 678 ; . |
| 700 1# - ADDED ENTRY--PERSONAL NAME | |
| Personal name | Birbal, Sahni . |
| 942 ## - ADDED ENTRY ELEMENTS (KOHA) | |
| Koha item type | Books |
| Withdrawn status | Lost status | Damaged status | Home library | Current library | Date acquired | Full call number | Accession Number | Koha item type |
|---|---|---|---|---|---|---|---|---|
| KAUAET | KAUAET | 07/04/2012 | 581 LOW/TE | 4791 | Books | |||
| KAUAET | KAUAET | 07/04/2012 | 581 LOW/TE | 3150 | Books |
